A tudománytörténet felfogása Wilhelm Strube "A kémia története" c. művében - Wilhelm Strube: Die Chemie und ihre Geschichte. Akademie Verlag, Berlin 1974.
Elmentve itt :
| Szerző: | |
|---|---|
| Adatforrás: | Philobibl |
| Forrásdokumentuma: | Magyar Filozófiai Szemle 20 1976/2., 285-291. p. |
| Dokumentumtípus: | Cikk |
| Nyelv: | magyar |
| LEADER | 00429nab a2200097 c 4500 | ||
|---|---|---|---|
| 001 | bibDOK00008210 | ||
| 005 | 20200924120404.1 | ||
| 008 | 060518s1976 hu hun | ||
| 100 | 1 | |a Hronyszky Imre | |
| 245 | 1 | 2 | |a A tudománytörténet felfogása Wilhelm Strube "A kémia története" c. művében - Wilhelm Strube: Die Chemie und ihre Geschichte. Akademie Verlag, Berlin 1974. |c Hronyszky Imre |
| 773 | 0 | |t Magyar Filozófiai Szemle 20 |g 1976/2., 285-291. p. | |